000
00293nam a22001337a 4500
003
SGT
020
_a
97811489921796
082
_a
611
_b
H84G
100
_a
GAZZANIGA, MICHAEL
245
_a
HANDBOOK OF COGNITIVE NEUROSCIENCE
260
_b
HEIMMANN
_c
1984
300
_a
416
942
_2
ddc
_c
BK
999
_c
16202
_d
16202